Gewalt an Schulen - Gewalt in den Medien. Förderung sozialmoralischer Konfliktlösekompetenz - ein Trainingsprogramm

Guardado en:  
Detalles Bibliográficos
Autor principal: Kleber, Hubert (Autor)
Tipo de documento: Print Artículo
Lenguaje:Alemán
Publicado: 2004
En: Gewalt - Geschlecht - Diskurs
Año: 2004, Páginas: 129-146
Verificar disponibilidad: HBZ Gateway
Palabras clave:

MARC

LEADER 00000caa a22000002c 4500
001 1525920014
003 DE-627
005 20220604104935.0
007 tu
008 160223s2004 xx ||||| 00| ||ger c
020 |a 3896768727 
035 |a (DE-627)1525920014 
035 |a (DE-576)45592001X 
035 |a (DE-599)BSZ45592001X 
040 |a DE-627  |b ger  |c DE-627  |e rakwb 
041 |a ger 
100 1 |a Kleber, Hubert  |4 aut 
109 |a Kleber, Hubert 
245 1 0 |a Gewalt an Schulen - Gewalt in den Medien. Förderung sozialmoralischer Konfliktlösekompetenz - ein Trainingsprogramm  |c Hubert Kleber 
264 1 |c 2004 
336 |a Text  |b txt  |2 rdacontent 
337 |a ohne Hilfsmittel zu benutzen  |b n  |2 rdamedia 
338 |a Band  |b nc  |2 rdacarrier 
773 0 8 |i In  |t Gewalt - Geschlecht - Diskurs  |d Baltmannsweiler : Schneider-Verl. Hohengehren, 2004  |g (2004), Seite 129-146  |h VI, 159 S.  |w (DE-627)161474159X  |w (DE-576)114571457  |z 3896768727  |7 nnam 
773 1 8 |g year:2004  |g pages:129-146 
935 |a mkri 
951 |a AR 
ELC |b 1 
LOK |0 000 xxxxxcx a22 zn 4500 
LOK |0 001 2899397680 
LOK |0 003 DE-627 
LOK |0 004 1525920014 
LOK |0 005 20260116150605 
LOK |0 008 160208||||||||||||||||ger||||||| 
LOK |0 040   |a DE-21-110  |c DE-627  |d DE-21-110 
LOK |0 689   |a s  |a Schulgewalt 
LOK |0 689   |a s  |a Mediengewalt 
LOK |0 689   |a s  |a Konfliktlösung 
LOK |0 852   |a DE-21-110 
LOK |0 852 1  |m p  |9 00 
LOK |0 935   |a k110 
LOK |0 938   |k p 
LOK |0 939   |a 08-02-16  |b l01 
ORI |a SA-MARC-krimdoka001.raw